The Cambridge companion to Roman law (Registro nro. 309822)

Detalles MARC
000 -ENCABEZADO
Número de control [NR] 03269cam a2200277 i 4500
001 - NÚMERO DE CONTROL
control field 18317666
005 - FECHA Y HORA DE LA ÚLTIMA TRANSACCIÓN
control field 20180529105050.0
008 - DE LONGITUD FIJA DE DATOS DE ELEMENTOS - INFORMACIÓN GENERAL
Elementos de longitud fija [NR] 180529s2015 nyu b 001 0 eng d
010 ## - NUMERO DE CONTROL DE LA BIBLIOTECA DEL CONGRESO (LC) [NR]
Número de control LC [NR] 2014038626
020 ## - NUMERO INTERNACIONAL NORMALIZADO PARA LIBROS [R]
Número Internacional Normalizado del libro [NR] 9780521895644
020 ## - NUMERO INTERNACIONAL NORMALIZADO PARA LIBROS [R]
Número Internacional Normalizado del libro [NR] 0521895642
020 ## - NUMERO INTERNACIONAL NORMALIZADO PARA LIBROS [R]
Número Internacional Normalizado del libro [NR] 9780521719940
040 ## - FUENTE DE CATALOGACION [NR]
Agencia de catalogación original [NR] CO-BoUCM
Idioma de catalogación [NR] spa
Quien Cataloga Saul Niño
Quien Clasifica Saul Niño
041 0# - CODIGO DE IDIOMA [R]
Código de idioma para texto/pista de sonido o título separado [R] Inglés
245 04 - MENCION DE TITULO [NR]
Título [NR] The Cambridge companion to Roman law
Mención de responsabilidad, etc. [NR] edited by David Johnston, Faculty of Advocates, Edinburgh
260 ## - PUBLICACION, DISTRIBUCION, ETC. (PIE DE IMPRENTA) [R]
Lugar de publicación, distribución, etc. [R] New York
Nombre del editor, distribuidor, etc. [R] Cambridge University Press
Fecha de publicación, distribución, etc. [R] 2015
300 ## - DESCRIPCION FISICA [R]
Extensión [R] xiii, 539 páginas
505 00 - NOTA DE CONTENIDO CON FORMATO PREESTABLECIDO [R]
Nota de contenido con formato preestablecido [NR] Introduction / David Johnston -- Roman law and its intellectual context / Laurens Winkel -- Sources of law from the Republic to the Dominate / David Ibbetson -- Roman law in the Provinces / John Richardson -- Documents in Roman practice / Joseph Georg Wolf -- Writing in Roman legal contexts / Elizabeth A. Meyer -- Patristic sources / Caroline Humfress -- Justinian and the Corpus Iuris Civilis / Wolfgang Kaiser -- Slavery, familly, and status / Andrew Lewis -- Property / Paul Du Plessis -- Succession / David Johnston -- Commerce / Jean-Jacques Aubert -- Delicts / A.J.B. Sirks -- Litigation / Ernest Metzger -- Crime and punishment / Andrew Lintott -- Public law / A.J.B. Sirks -- The law of new Rome : Byzantine law / Bernard H. Stolte -- The legacy of Roman law / Laurent Mayali -- Canon law and Rome law / R. H. Helmholz -- Political thought / Magnus Ryan -- Roman law in the modern world / Reinhard Zimmermann.
520 ## - NOTA DE RESUMEN, ETC. [R]
Nota de sumario, etc. [NR] "The Cambridge Companion to Roman Law This book reflects the wide range of current scholarship on Roman law. The essays, newly commissioned for this volume, cover the sources of evidence for classical Roman law; the elements of private law, as well as criminal and public law; and the second life of Roman law in Byzantium, in civil and canon law, and in political discourse from AD 1100 to the present. Roman law nowadays is studied in many different ways, which is reflected in the diversity of approaches in the essays. Some focus on how the law evolved in ancient Rome, others on its place in the daily life of the Roman citizen, still others on how Roman legal concepts and doctrines have been deployed through the ages. All of them are responses to one and the same thing: the sheer intellectual vitality of Roman law, which has secured its place as a central element in the intellectual tradition and history of the West. David Johnston is a Queen's Counsel who practises at the Bar in Scotland, mainly in the fields of public and commercial law. He holds MA, PhD, and LLD degrees from the University of Cambridge. From 1993 to 1999 he was Regius Professor of Civil Law at the University of Cambridge and a Fellow of Christ's College. He is currently an honorary professor at Edinburgh Law School. Johnston is the author of many publications, including The Roman Law of Trusts (1988), Roman Law in Context (1999), and Prescription and Limitation (second edition, 2012)"--
546 ## - NOTA DE IDIOMA [R]
Nota de idioma [NR] Texto en inglés
650 #7 - ASIENTO SECUNDARIO DE MATERIA - TERMINO TEMATICO [R]
Término temático o nombre geográfico como elemento de entrada [NR] Derecho romano
9 (RLIN) 12827
650 #7 - ASIENTO SECUNDARIO DE MATERIA - TERMINO TEMATICO [R]
Término temático o nombre geográfico como elemento de entrada [NR] Derecho romano
9 (RLIN) 12827
Subdivisión general [R] Usos y costumbres
700 1# - ASIENTO SECUNDARIO - NOMBRE PERSONAL [R]
Nombre personal [NR] Johnston, David
Fechas asociadas con el nombre [NR] 1961-
Término de relación [R] editor
9 (RLIN) 92680
942 ## - ELEMENTOS DE ENTRADA AGREGADOS (KOHA)
Sistema de clasificación DEWEY
Tema principal Derecho
Tipo de ítem principal el descrito en 300a Libro
Edición 1
Clasificación 340.54
Parte restante de la signatura top. R758l
Existencias
Fecha de último préstamo Total préstamos Total Renewals Signatura topográfica Código de barras Última vez visto Ejemplar Costo de reposición Price effective from Tipo de ítem Perdido Sistema de clasificación Dañado No prestable Tipo de ítem específico Suprimido Ubicación habitual Ubicación actual Localización Fecha de creación Proveedor Forma de adquisición Costo
23/01/2025 7 7 340.54 R758l 100157307 04/12/2025 Ej.1 116446.00 21/05/2018 Libro   DEWEY     Libro   Claustro Claustro 3er piso 21/05/2018 15 Compra 116446.00